| 000 | 00573nam a22001937a 4500 | ||
|---|---|---|---|
| 999 |
_c160511 _d160511 |
||
| 005 | 20190213104545.0 | ||
| 010 | _aENG-124712 | ||
| 020 |
_c775.00 _a9788193117283 |
||
| 035 | _aEN-108244 | ||
| 037 | _bDBAD/PUB | ||
| 082 | _a780.954 | ||
| 100 | _aSaraf,Ritu | ||
| 245 |
_aAspects of indian music / _cby Ritu Saraf |
||
| 260 |
_aAllahabad _bAnsh Publication _c2018 |
||
| 270 |
_aIInd Floor,48/79/5,Lukerganj, _bAllahabad _e211001 |
||
| 300 |
_a240p. _c21cm (Hb) |
||
| 500 | _aincludes bibliographical references | ||
| 942 |
_2ddc _cEN _mSAR _h780.954 |
||